Grosse Deutsche Youtuber - Statistiken

Allgemein
  • Dieses Quiz wurde 372 mal gespielt
  • Das Durchschnittsergebnis liegt bei 6 aus 21
Antwortstatistiken
Youtuber % Korrekt
Julien Bam
69%
BibisBeautyPalace
66%
Gronkh
63%
Paluten
58%
Dagi Bee
49%
Rewinside
40%
Rezo
40%
Julienco
38%
GermanLetsPlay
37%
Concrafter
22%
Zombey
20%
Felix von der Laden
16%
HandOfBlood
12%
DieLochis
6%
Arazhul
3%
AviveHD
3%
Logo
3%
Chaosflo44
2%
Heymoritz
2%
SparkOfPhoenix
1%
KSFreakWhatElse
0%
Keine übereinstimmenden Quizze gefunden
Verteilung der Resultate
Anzahl Personen mit jedem Resultat
Perzentil nach korrekt beantworteten Fragen
Ihre Resultats-Entwicklung
Sie haben dieses Quiz noch nicht gespielt